The water situation in the United States with special reference to ground water, (Record no. 28582)

MARC details
000 -LEADER
fixed length control field 01384cam a22003011 4500
001 - CONTROL NUMBER
control field gs 51000251
003 - CONTROL NUMBER IDENTIFIER
control field DLC
005 - DATE AND TIME OF LATEST TRANSACTION
control field 20260227111358.0
008 - FIXED-LENGTH DATA ELEMENTS--GENERAL INFORMATION
fixed length control field 790629s1951 dcuab b f000 0 eng c
010 ## - LIBRARY OF CONGRESS CONTROL NUMBER
LC control number gs 51000251
035 ## - SYSTEM CONTROL NUMBER
System control number (OCoLC)5122670
040 ## - CATALOGING SOURCE
Original cataloging agency U.S. Geol. Survey. Library.
Transcribing agency NIC
Modifying agency NIC
-- OCoLC
-- DLC
042 ## - AUTHENTICATION CODE
Authentication code premarc
050 00 - LIBRARY OF CONGRESS CALL NUMBER
Classification number QE75
Item number .C5 no. 114
082 ## - DEWEY DECIMAL CLASSIFICATION NUMBER
Classification number 551.49
100 1# - MAIN ENTRY--PERSONAL NAME
Personal name McGuinness, C. L.
Fuller form of name (Charles Lee),
Dates associated with a name 1914-
245 14 - TITLE STATEMENT
Title The water situation in the United States with special reference to ground water,
Remainder of title with a summary of the current water situation by States based on data supplied by field offices of the Water Resources Division.
260 ## - PUBLICATION, DISTRIBUTION, ETC.
Place of publication, distribution, etc. Washington
Date of publication, distribution, etc. [1951]
300 ## - PHYSICAL DESCRIPTION
Extent 138, 127 p.
Other physical details maps, diagrs.
Dimensions 27 cm.
490 1# - SERIES STATEMENT
Series statement Geological Survey circular,
Volume/sequential designation 114
500 ## - GENERAL NOTE
General note "Adapted from a report prepared for the President's Water Resources Policy Commission."
500 ## - GENERAL NOTE
General note "This report constitutes appendixes B and C of a report prepared in April 1950 by the Geological Survey ... entitled 'Water facts in relation to a national water-resources policy.'"
504 ## - BIBLIOGRAPHY, ETC. NOTE
Bibliography, etc. note "Selected reading list": p. 135-138.
650 #0 - SUBJECT ADDED ENTRY--TOPICAL TERM
Topical term or geographic name entry element Groundwater
Geographic subdivision United States.
650 #0 - SUBJECT ADDED ENTRY--TOPICAL TERM
Topical term or geographic name entry element Water-supply
Geographic subdivision United States.
710 1# - ADDED ENTRY--CORPORATE NAME
Corporate name or jurisdiction name as entry element United States.
Subordinate unit Water Resources Policy Commission.
810 1# - SERIES ADDED ENTRY--CORPORATE NAME
Corporate name or jurisdiction name as entry element United States.
Subordinate unit Geological Survey.
Title of a work Circular ;
Volume/sequential designation 114.

No items available.

Powered by Koha